000
00261nam a2200097Ia 4500
001
1300165
005
20260420095859.0
008
260420s9999 xx 000 0 und d
245
0
_a
ALICE HARİKALAR ÜLKESİNDE
_c
LEWIS CARROL
260
_b
TİMAŞ ÇOCUK YAYINLARI
999
_c
1300165
_d
1300165